000 01213nmm a2200361 a 4500
001 ocm0001132684
003 TR-IsHL
005 20201028152130.0
008 150709s1989 tu tur
007 cr cn
035 _a1132684
_b(N$T)
050 0 4 _aPL248.N18
_bH39 1989
090 0 4 _aPL248.N18
_bH39 1989
100 1 _aNabi
245 1 0 _aHayriye
_h[electronic resource] /
_cNabi ; metin, sadeleştirme ve açıklamalar İskender Pala
260 _aİstanbul :
_bBedir Yayınevi,
_c1989
300 _a261 p.
500 _aKaynakça var.
_x
650 4 _aDil ve Edebiyat
650 4 _aLanguage and Literature
650 0 _aNabi, 1641 or 1642-1712.
_xHayriyye
650 0 _aConduct of life
_xEarly works to 1800
650 0 _aIslam
_xCustoms and practices
650 0 _aIslamic ethics
650 0 _aTurkish Classics
650 0 _aTürk Klasikleri
650 0 _aYaşam biçimi
_x1800'den önceki çalışmalar
650 0 _aİslam ahlakı
650 0 _aİslam
_xGelenekler ve uygulamalar
650 7 _aLITERARY COLLECTIONS / Middle Eastern
_2bisacsh
700 1 _aPala, İskender
856 4 0 _uhttp://search.ebscohost.com/login.aspx?direct=true&scope=site&db=e011xww&AN=1132684
999 _c11368
_d11368